Trends in Texas homebuying, 1982-85 /

Bibliographic Details
Main Author: Albrecht, Don E.
Corporate Author: Texas Real Estate Research Center
Format: Government Document Book
Language:English
Published: College Station, Tex. : Real Estate Center, Texas A&M University, 1986.
Series:Technical report (Texas A & M University. Real Estate Center)
Subjects:

MARC

Tag First Indicator Second Indicator Subfields
LEADER 00000cam a2200000 a 4500
001 in00000008649
005 20151003080015.0
008 870806s1986 txua s00010 eng d
035 |a (OCoLC)16398308 
035 |9 AAA1047AM 
040 |a MHB  |c MHB  |d IKM  |d TXA  |d UtOrBLW 
049 |a TXAS [tamu] 
050 4 |a HD266.T4  |b A42 1986 
086 |a R800.8 T722h 1982-85  |2 txdocs 
100 1 |a Albrecht, Don E. 
245 1 0 |a Trends in Texas homebuying, 1982-85 /  |c Don E. Albrecht. 
264 1 |a College Station, Tex. :  |b Real Estate Center, Texas A&M University,  |c 1986. 
300 |a iii, 27 pages :  |b illustrations ;  |c 28 cm. 
336 |a text  |b txt  |2 rdacontent 
337 |a unmediated  |b n  |2 rdamedia 
338 |a volume  |b nc  |2 rdacarrier 
490 1 |a Technical report / Texas Real Estate Research Center 
500 |a "September 1986." 
650 0 |a Home ownership  |z Texas. 
650 0 |a House buying  |z Texas. 
650 0 |a Real estate business  |z Texas. 
710 2 |a Texas Real Estate Research Center. 
830 0 |a Technical report (Texas A & M University. Real Estate Center) 
999 |a MARS 
999 f f |s 599d95cf-f9eb-381c-9dfb-e5a4655bda8d  |i 9d6efa07-e455-3762-b671-715eb7e1467d  |t 0 
952 f f |p ric  |a Texas A&M University  |b Rellis Campus  |c Joint Library Facility  |s JLF  |d Remote Storage  |t 0  |e HD266.T4 A42 1986  |h Library of Congress classification  |i unmediated -- volume  |m A14813322793 
952 f f |p noncirc  |a Texas A&M University  |b College Station  |c Cushing Memorial Library & Archives  |s cush tamu  |d Cushing: Texas A&M (Does not check out)  |t 0  |e HD266.T4 A42 1986  |h Library of Congress classification  |i unmediated -- volume 
998 f f |a HD266.T4 A42 1986  |t 0  |l Remote Storage 
998 f f |a HD266.T4 A42 1986  |t 0  |l Cushing: Texas A&M (Does not check out)